|
|
|
|
| LEADER |
01235nam a2200301 a 4500 |
| 001 |
c000192712 |
| 003 |
CARM |
| 005 |
20021125001600.0 |
| 008 |
830928s1978 cau b 00010 eng d |
| 019 |
1 |
|
|a 2876686
|5 LACONCORD2021
|
| 035 |
|
|
|a (OCoLC)5339486
|5 LACONCORD2021
|
| 040 |
|
|
|a NUN
|c NUN
|
| 043 |
|
|
|a n-us---
|
| 082 |
1 |
|
|a 378.17
|2 19
|
| 100 |
1 |
|
|a Johansen, Robert.
|
| 245 |
1 |
0 |
|a Electronic education :
|b using teleconferencing in postsecondary organizations /
|c Robert Johansen, Maureen McNulty, Barbara McNeal.
|
| 260 |
|
|
|a Menlo Park, Calif. :
|b Institute for the Future,
|c 1978.
|
| 300 |
|
|
|a x, 166 p. ;
|c 28 cm.
|
| 490 |
1 |
|
|a Report / Institute for the Future ;
|v R-42
|
| 500 |
|
|
|a "A report of research conducted under a grant from the Exxon Education Foundation"--verso of t.p.
|
| 650 |
|
0 |
|a Teleconferencing.
|
| 650 |
|
0 |
|a Teleconferencing
|z United States.
|
| 700 |
1 |
|
|a McNulty, Maureen.
|
| 700 |
1 |
|
|a McNeal, Barbara.
|
| 830 |
|
0 |
|a Report (Institute for the Future) ;
|v R-42.
|
| 852 |
8 |
|
|b CARM
|h A2:AG13H0
|i F01005
|p 0302543
|f BK
|
| 999 |
f |
f |
|i 9f6fbe2a-1846-5957-aa33-55b2f7476466
|s 77ec709c-2d28-5623-a6a3-a9c9265157bc
|
| 952 |
f |
f |
|p Can circulate
|a CAVAL
|b CAVAL
|c CAVAL
|d CARM 1 Store
|e F01005
|f A2:AG13H0
|h Other scheme
|i book
|m 0302543
|